Eastern Utah Libraries Catalog: Duchesne, Heber, Roosevelt, & Vernal

The diamond of Darkhold / (Record no. 53956)

MARC details
000 -LEADER
fixed length control field 01171cam a2200313 a 4500
001 - CONTROL NUMBER
control field 15140589
005 - DATE AND TIME OF LATEST TRANSACTION
control field 20241220122010.0
008 - FIXED-LENGTH DATA ELEMENTS--GENERAL INFORMATION
fixed length control field 080114s2008 nyub c 000 1 eng
010 ## - LIBRARY OF CONGRESS CONTROL NUMBER
LC control number 2007047929
020 ## - INTERNATIONAL STANDARD BOOK NUMBER
International Standard Book Number 9780375855726 (pbk.)
040 ## - CATALOGING SOURCE
Original cataloging agency DLC
Transcribing agency DLC
Modifying agency DLC
Description conventions rda
050 00 - LIBRARY OF CONGRESS CALL NUMBER
Classification number PZ7.D927
Item number Dic 2008
082 00 - DEWEY DECIMAL CLASSIFICATION NUMBER
Classification number [Fic]
Edition number 22
092 ## - LOCALLY ASSIGNED DEWEY CALL NUMBER (OCLC)
Classification number DUPRAU
100 1# - MAIN ENTRY--PERSONAL NAME
Personal name DuPrau, Jeanne.
9 (RLIN) 13728
245 14 - TITLE STATEMENT
Title The diamond of Darkhold /
Statement of responsibility, etc Jeanne DuPrau.
250 ## - EDITION STATEMENT
Edition statement 1st ed.
260 ## - PUBLICATION, DISTRIBUTION, ETC. (IMPRINT)
Place of publication, distribution, etc New York :
Name of publisher, distributor, etc Random House Children's Books,
Date of publication, distribution, etc c2008.
264 ## - Production, Publication, Distribution, Manufacture, and Copyright Notice.
Place of production, publication, distribution, manufacture New York :
Name of producer, publisher, distributor, manufacturer Random House Children's Books,
Date of production, publication, distribution, manufacture, or copyr c2008.
300 ## - PHYSICAL DESCRIPTION
Extent 285 p. :
Other physical details map ;
Dimensions 22 cm.
520 ## - SUMMARY, ETC.
Summary, etc When a roamer trades them an ancient book with only a few pages remaining, Lina and Doon return to Ember to seek the machine the book seems to describe in hopes that it will get their new community, Sparks, through the winter.
650 #1 - SUBJECT ADDED ENTRY--TOPICAL TERM
Topical term or geographic name as entry element Fantasy.
9 (RLIN) 6183313
906 ## - LOCAL DATA ELEMENT F, LDF (RLIN)
a 7
b cbc
c orignew
d 1
e ecip
f 20
g y-gencatlg
942 ## - ADDED ENTRY ELEMENTS (KOHA)
Koha item type BOOK
Source of classification or shelving scheme Dewey Decimal Classification
Holdings
Withdrawn status Lost status Source of classification or shelving scheme Damaged status Not for loan Collection code Home library Current library Shelving location Date acquired Source of acquisition Cost, normal purchase price Serial Enumeration / chronology Total Checkouts Total Renewals Full call number Barcode Date last seen Date checked out Cost, replacement price Price effective from Koha item type
    Dewey Decimal Classification     Junior Fiction Wasatch County Library Wasatch County Library Main Floor Junior Area 11/05/2019 Donation 6.99 #3 City of Ember 10 10 J DuPrau 34301001599184 06/23/2025 06/09/2025 6.99 03/20/2020 BOOK
This project was made possible through a grant from the Institute of Museum and Library Service administered by the Utah State Library Division.

Wasatch County Library

  • 465 East 1200 South, Heber City, Utah 84032
  • Phone 435-654-1511 | Fax 435-654-6456

Hours

  • Monday - Friday 9:30 AM - 8:00 PM
  • Saturday 9:30 AM - 1:30 PM
  • Closed Sundays and Holidays